| 000 | 00640nam a2200169 a 4500 | ||
|---|---|---|---|
| 008 | 120416s1983 ||||||||||||||||| || u | ||
| 020 | _a0262131927 | ||
| 050 | _aNA 737.W7 Mus | ||
| 100 | _aMuschamp, Herbert | ||
| 245 | 1 | 0 | _aMan about town: Frank Lloyd Wright in New York City |
| 260 |
_aCambridge: _bMIT P _c1983 |
||
| 300 | _aix, 214p. : ill. | ||
| 350 | _a0.00 | ||
| 650 | _aNEW YORK (N.Y)--BUILDINGS, STRUCTURES, ETC | ||
| 650 | _aBUILDINGS--NEW YORK (STATE)--NEW YORK | ||
| 995 |
_D0.00 _FCBU-MAIN LIBRARY (Kitwe) _H1 _I17.50 _M1 _UAVAILABLE _ZMain Library Open Access Collection |
||
| 999 |
_c49792 _d49792 |
||